LEADER 01661oam 2200469 450 001 9910717491903321 005 20211119113518.0 035 $a(CKB)4330000001259687 035 $a(OCoLC)925473468 035 $a(OCoLC)994330000001259687 035 $a(EXLCZ)994330000001259687 100 $a20151019d2005 ua 0 101 0 $aeng 135 $aur||||||||||| 181 $ctxt$2rdacontent 182 $cc$2rdamedia 183 $acr$2rdacarrier 200 10$aMaintenance and modifications to structural systems /$fDavid A. Fanella, Amaldo T. Derecho, S.K. Ghosh 210 1$a[Gaithersburg, MD] :$cNational Institute of Standards and Technology, Technology Administration, U.S. Department of Commerce,$d2005. 215 $a1 online resource (lii, 122 pages) $cillustrations (some color) 225 1 $aNIST NCSTAR ;$v1-1 C 300 $a"September 2005." 320 $aIncludes bibliographical references. 606 $aTall buildings$zUnited States$xDesign and construction 606 $aBuildings$xRepair and reconstruction 606 $aBuildings$xMaintenance 615 0$aTall buildings$xDesign and construction. 615 0$aBuildings$xRepair and reconstruction. 615 0$aBuildings$xMaintenance. 700 $aFanella$b David Anthony$0304718 702 $aDerecho$b Arnaldo T. 702 $aGhosh$b S. K. 712 02$aNational Institute of Standards and Technology (U.S.), 801 0$bNBS 801 1$bNBS 801 2$bOCLCO 801 2$bOCLCQ 801 2$bGPO 906 $aBOOK 912 $a9910717491903321 996 $aMaintenance and modifications to structural systems$93529621 997 $aUNINA LEADER 01345nam0 22003733i 450 001 RMG0157046 005 20251003044338.0 010 $a8814137722 100 $a20081006d2007 ||||0itac50 ba 101 | $aita 102 $ait 181 1$6z01$ai $bxxxe 182 1$6z01$an 200 1 $aˆLa ‰potestà dei genitori$erapporti patrimoniali$fFrancesco Ruscello 210 $aMilano$cGiuffrè$d2007 215 $aX, 240 p.$d25 cm. 225 | $aˆIl ‰Codice civile.$i Commentario 312 $aTit. sul dorso: Artt. 320-323$9RMG0157051 410 0$1001CFI0051308$12001 $aˆIl ‰Codice civile.$i Commentario 517 1 $aArtt. 320-323$9RMG0157051 606 $aPatria potestà$2FIR$3CFIC001463$9I 676 $a346$9Diritto privato$v12 676 $a346$9DIRITTO PRIVATO$v21 676 $a346.017$9$v21 676 $a346.45017$9FILIAZIONE. ITALIA$v21 700 1$aRuscello$b, Francesco$3CFIV050997$4070$0437918 801 3$aIT$bIT-000000$c20081006 850 $aIT-BN0095 $aIT-NA0070 901 $bNAP 01$cCOM $n$ 912 $aRMG0157046 950 0$aBiblioteca Centralizzata di Ateneo$d 01COM (C) 346.45 COM SCH$e 01C 0800206325 VMA 1 v.$fB $h20130529$i20130529 977 $a 01$a BU 996 $aPotestà dei genitori$966476 997 $aUNISANNIO